UBT Library

Writing with purpose and passion : (Record no. 43221)

000 -LEADER
fixed length control field 00708pam a2200217 a 4500
001 - CONTROL NUMBER
control field 3544187
005 - DATE AND TIME OF LATEST TRANSACTION
control field 20180222093348.0
008 - FIXED-LENGTH DATA ELEMENTS--GENERAL INFORMATION
fixed length control field 971023s1998 nyua 001 0 eng
010 ## - LIBRARY OF CONGRESS CONTROL NUMBER
LC control number 97032576
020 ## - INTERNATIONAL STANDARD BOOK NUMBER
International Standard Book Number 0134376099
040 ## - CATALOGING SOURCE
Original cataloging agency DLC
Transcribing agency DLC
Modifying agency DLC
041 ## - LANGUAGE CODE
Language code of text/sound track or separate title eng
080 ## - UNIVERSAL DECIMAL CLASSIFICATION NUMBER
Universal Decimal Classification number 808..0427 jef
082 00 - DEWEY DECIMAL CLASSIFICATION NUMBER
Classification number 808..0427 jef
Edition number 21
100 1# - Rafti
Rafti 48
101 ## - Shkurtesa
Shkurtesa edu
245 10 - TITLE STATEMENT
Title Writing with purpose and passion :
Statement of responsibility, etc Jeff Stalcup, Mike Rovasio.
906 ## - LOCAL DATA ELEMENT F, LDF (RLIN)
a 7
b cbc
c orignew
d 1
e ocip
f 19
g y-gencatlg
942 ## - ADDED ENTRY ELEMENTS (KOHA)
Source of classification or shelving scheme
Item type Books
Holdings
Withdrawn status Lost status Source of classification or shelving scheme Damaged status Not for loan Collection code Permanent location Current location Shelving location Date acquired Total Checkouts Full call number Barcode Date last seen Price effective from Koha item type
          Koleksioni i përgjithshem UBT - Lipjan UBT - Lipjan Koleksioni i përgjithshem 02/22/2018   808..0427 jef 002-2999741 02/22/2018 02/22/2018 Books
UBT Library © 2015-2024. All rights reserved University Education for Business and Technology